Isogram Africa Quiz Stats

 Plays Quiz Updated Aug 20, 2013

Support Sporcle.
Go Orange.
Score 0/9 Timer 02:00
0 Plays Today
Country % Correct
Egypt
94.1%
Chad
83.8%
Libya
77.7%
Sudan
77.6%
Niger
77.3%
Mali
76.7%
Kenya
76%
Gabon
54.4%
Guinea
52.1%

From the Vault

Scientists Spelling Test

by LTH

Science 5m
We don't think scientists are usually used to taking spelling tests.
Remove Ads.
Support Sporcle.
Get the best of Sporcle when you Go Orange. This ad-free experience offers more features, more stats, and more fun while also helping to support Sporcle. Thank you for becoming a member.

Show Comments

Extras

Top Quizzes Today


Score Distribution

Your Account Isn't Verified!

In order to create a playlist on Sporcle, you need to verify the email address you used during registration. Go to your Sporcle Settings to finish the process.

Report this User

Report this user for behavior that violates our Community Guidelines.

Details: